Phẫu thuật nội soi chức năng xoang

Guardat en:
Dades bibliogràfiques
Autor principal: Nguyễn Tấn Phong
Format: Llibre
Idioma:Undetermined
Publicat: Hà Nội Y Học 1999
Matèries:
Etiquetes: Afegir etiqueta
Sense etiquetes, Sigues el primer a etiquetar aquest registre!
Thư viện lưu trữ: Trung tâm Học liệu Trường Đại học Cần Thơ
LEADER 00554nam a2200193Ia 4500
001 CTU_35805
008 210402s9999 xx 000 0 und d
020 |b 21.000đ 
082 |a 617.5 
082 |b Ph431/1999 
100 |a Nguyễn Tấn Phong 
245 0 |a Phẫu thuật nội soi chức năng xoang 
245 0 |c Nguyễn Tấn Phong 
260 |a Hà Nội 
260 |b Y Học 
260 |c 1999 
650 |a otolaryngology, operative 
904 |i Minh, 000316 
980 |a Trung tâm Học liệu Trường Đại học Cần Thơ